| 000 | 00588nam a2200229Ia 4500 | ||
|---|---|---|---|
| 003 | OSt | ||
| 005 | 20220928140218.0 | ||
| 006 | a|||||r|||| 00| 0 | ||
| 007 | ta | ||
| 008 | 220927b |||||||| |||| 00| 0 eng d | ||
| 024 | _a7682 | ||
| 037 | _cTextual | ||
| 040 |
_aSDCL _cSDCL _beng |
||
| 041 |
_2eng _aeng |
||
| 082 | _aB28, L2 | ||
| 100 |
_aSpiegel Murray R _9352119 |
||
| 245 | 0 | _aSchaum's outline of theory and problems of statistics in si units . | |
| 250 | _aED1 | ||
| 260 | _c1972 | ||
| 942 |
_hB28, L2 _cTEXL _2CC |
||
| 999 |
_c810722 _d810722 |
||